00977nam a2200301Ic 450000100060000000300100000600500170001600700030003300800410003602000180007704000350009504100080013008400070013824501200014525000180026526400620028330000350034533600270038033700330040733800280044065000380046865000360050665000370054265000380057970000290061794200120064699900170065858885CO-BoRNBP20250828213414.0ta141031s9999 xx 000 0 und d a9789681644345 aCO-BoRNBPbspaerdacCO-BoRNBP aspa aLM10aHijos de la primavera, 1 :bvida y palabras de los indios de América /cilustraciones en color Felipe Dávalos. a1a. edición 1aBogotá, Colombia :bFondo de Cultura Económica,c2010 a237 páginas :bilustraciones atextobtxt2rdacontent asin mediaciónbn2rdamedia avolumenbnc2rdacarrier07aCostumbres indigenas2lemb92473207aLeyendas indígenas2LEMB995307aLiteratura indígena2lemb969507aMitología indígena2lemb9696 aDávalos, Felipe964283 2loccBK c58885d58885